000
00308nam a2200121Ia 4500
008
190216s9999||||xx |||||||||||||| ||und||
100
_a
Edward Sapir
245
0
_a
Langauge An Introduction To The Study Of Speech
260
_b
A Harvest Book
_c
1949
300
_a
242p
650
_a
English Story
942
_c
BK
999
_c
12239
_d
12239